000
00283nam a22001337a 4500
008
170822b xxu||||| |||| 00| 0 eng d
020
_a
0704114602
041
_a
eng
080
_a
51
100
_a
37
101
_a
MAT
245
_a
BOOLEAN ALGEBRA
_c
MENDELSON.E
942
_2
udc
_c
BK
999
_c
24460
_d
24460